| 000 | 00655cam a2200217 4500500 | ||
|---|---|---|---|
| 005 | 20260405002205.0 | ||
| 041 | _afre | ||
| 042 | _adc | ||
| 100 | 1 | 0 |
_aEltchaninoff, Michel _eauthor |
| 245 | 0 | 0 | _aQuelques secondes avant l’horreur : le mirage du futur antérieur |
| 260 | _c2016. | ||
| 500 | _a70 | ||
| 690 | _aAvenir | ||
| 690 | _aBruxelles | ||
| 690 | _aHenri Bergson | ||
| 690 | _aPassé | ||
| 690 | _aPrésent | ||
| 690 | _aTerrorisme | ||
| 786 | 0 | _nPhilosophie magazine | 99 | 5 | 2016-05-01 | p. 11-11 | 1951-1787 | |
| 856 | 4 | 1 | _uhttps://shs.cairn.info/magazine-philosophie-magazine-2016-5-page-11?lang=fr&redirect-ssocas=7080 |
| 999 |
_c2055222 _d2055222 |
||